000 00528nam a22001937a 4500
003 OSt
005 20220107122800.0
008 150512b xxu||||| |||| 00| 0 eng d
020 _a9788126546138
040 _cIIITMK
082 _a005.120 28 STE/ E
100 _aStephens, Rod
_96904
245 _aEssential algorithms: A practical approach to computer algorithms
260 _aNew Delhi
_bWiley India
_c2014
300 _axxii, 601p.
650 _aCOMPUTER ALGORITHMS
_96905
650 _aALGORITHMS
_96906
942 _2ddc
_cBK
999 _c4706
_d4706